000 02770nam0a2200385 4500
001 RU\NLR\BIBL_A\022172858
005 20240422125954.0
010 _a978-5-4446-1807-3
_9500
021 _aRU
_bКН-П-24-007980
_9КН-П-24-0825
035 _a(NLR Aleph) 022172858
090 _a12957626
_c12957626
100 _a20240320d2023 u y0rusy50 ca
101 0 _arus
102 _aRU
105 _aa|||j|||000yy
181 0 _ai
_baxxe
182 0 _an
200 1 _aЦифровая транформация как модус профессионального образования
_eучебное пособие
_fКомарова Эмилия Павловна, акад. Междунар. акад. наук пед. образования, д-р пед. наук, проф., Колосов Александр Иванович, канд. техн. наук, доц., Аристова Ирина Владимировна, канд. пед. наук, Фетисов Александр Сергеевич, д-р пед. наук, проф.
_gнаучный редактор: Э. П. Комарова
_gМинистерство науки и высшего образования Российской Федерации, Федеральное государственное бюджетное образовательное учреждение высшего образования "Воронежский государственный технический университет"
203 _aТекст
_bвизуальный
_cнепосредственный
210 _aВоронеж
_cНаучная книга
_d2023
215 _a138 с.
_cил., табл.
_d20
300 _aАвт. указаны на обороте тит. с.
320 _aБиблиогр.: с. 135-138 (50 назв.)
606 1 _aОбразование
_xИнформационные технологии
_jУчебные издания для высших учебных заведений
_2nlr_sh2
_3RU\NLR\AUTH\661575610
686 1 _aЧ312.31я73
701 1 _aКомарова
_bЭ. П.
_cд-р пед. наук
_f1937-
_gЭмилия Павловна
_3RU\NLR\AUTH\7741505
701 1 _aКолосов
_bА. И.
_gАлександр Иванович
701 1 _aАристова
_bИ. В.
_gИрина Владимировна
701 1 _aФетисов
_bА. С.
_cд-р пед. наук
_gАлександр Сергеевич
_3RU\NLR\AUTH\77127183
712 0 2 _aВоронежский государственный технический университет
_3RU\NLR\AUTH\889932905
_4570
942 _cBOOK
980 _aNB